Biggest Allies Of India - Statistics

General Stats
  • This quiz has been taken 19 times
  • The average score is 12 of 15
Answer Stats
Hint Answer % Correct
R Russia
100%
F France
93%
I Indonesia
93%
U UK
93%
J Japan
86%
U UAE
86%
U Usa
86%
B Bhutan
79%
S Saudi arabia
79%
A Australia
71%
B Bangladesh
71%
I Israel
71%
S South korea
71%
S Sri lanka
71%
S Singapore
64%
No matching quizzes found
Score Distribution
Percent of People with Each Score
Percentile by Number Answered
Your Score History
You have not taken this quiz